• 首页
  • 本馆介绍
  • 公告通知
  • 最新文献
  • 馆藏检索
  • 电子资源
  • 读者导购
  • 参考咨询
  • 我的图书馆
  • 登录
  • 详细信息显示
  • 放入我的书架
  • 预约/预借图书
  • 作者相关作品
  • 分类相关作品
  • 丛书相关作品
  • 出版社相关作品

书目信息

  • 表格格式
  • 工作单格式
  • 卡片格式
题名:
俄语科技文选
    
 
作者: 郑锦棠 主编 ;韩志永 编
分册: 第一册  
出版信息: 上海   上海外语教育出版社  1985
页数: 271页
开本: 20cm
丛书名:
单 册:
中图分类: H359.4
科图分类:
主题词: 俄语--高等教育--教材 , 俄语
电子资源:
ISBN:
000 00780nam0 2200277 45
001 0185013897
005 20040511161402.7
010    @dCNY1.45
091    @a7218.146
100    @a19951024d1985 em y0chiy0121 ea
101 0  @achi
102    @aCN@b310000
105    @ay z 000yy
106    @ar
200 10 @a俄语科技文选@h第一册@Ae yu ke ji wen xuan@f郑锦棠主编@g韩志永等编
210    @a上海@c上海外语教育出版社@d1985
215    @a271页@d20cm
300    @a高等学校外语教材(俄语和科技翻译专业三年级上学期)
606    @a俄语@x高等教育@x教材
606 0  @a俄语
690    @aH359.4
701  0 @a郑锦棠@4主编@Azheng jin tang
702  0 @a韩志永@4编@Ahan zhi yong
801  0 @aCN@b深圳图书馆@c20040511
801  2 @aCN@bNLC@c20040511
905    @f1@b227193@dH359.4@e111:1
    
    俄语科技文选.第一册/郑锦棠主编/韩志永等编.-上海:上海外语教育出版社,1985
    271页;20cm
    高等学校外语教材(俄语和科技翻译专业三年级上学期)
    
    ISBN :CNY1.45
    
●
相关链接 在E读中查询图书 在五车中查询图书 在当当中查询图书 在豆瓣中查询图书


正题名:俄语科技文选     索取号:H359.4/111:1         预约/预借

序号 登录号 条形码 馆藏地/架位号 状态 备注
1 0227192   001062183   密集书库/ [索取号:H359.4/111:1] 在馆    
2 0227193   001062174   第四借阅区/ [索取号:H359.4/111:1] 在馆    
3 0227194   001062165   第二样本阅览室/ [索取号:H359.4/111:1] 在馆    
唐山师范学院图书馆 欢迎您!
大连网信软件有限公司© 版权所有